Responses for Show #3696 - Monday, October 2, 2000

2000 Back to School Week game 1.

Contestants

[<< previous game]

Rachel Mills, a 12-year-old from Lexington, Kentucky

John Fabros, a 12-year-old from Downers Grove, Illinois

Amy Mandel, a 12-year-old from Miami, Florida

[next game >>]

Jeopardy! Round responses

SCIENCE CLASS
THE MOVIES
KID LIT
NEW YORK CITY
SPORTS RULES
5-LETTER WORDS
    $100 2
gravity

Rachel
    $100 1
Raiders of the Lost Ark

John
    $100 15
Alice

Rachel
    $100 7
(Amy: What are the New York Yankees?)
(Alex: And the stadium?)
(Amy: Oh... um...)

Yankee Stadium

Amy
Triple Stumper
    $100 26
center

Amy
    $100 13
quart

John
    $200 3
compound

John
    $200 10
Stuart Little

John
    $200 16
the Yellow Brick Road

Amy
    $200 8
planetarium

John
    $200 27
(Rachel: What is 1 point?)
(Alex: You get 1 point for an extra point (point after touchdown).)

3

Rachel
Triple Stumper
    $200 14
cloud

Rachel
    $300 4
lever

John
    $500 21
Babe (the pig)

John
    $300 17
Rapunzel

John
    $300 9
tunnel

Amy
    $300 28
(Amy: What is 3?)
(Alex: 3 batters times 3 pitches each.)
...
[The end-of-round signal sounds.]

9

Amy
Triple Stumper
    $300 18
quilt

John
    $400 5
(John: What is [*]?)
[Originally ruled incorrect; reversed after the first break]

protoplasm (plasma accepted)

John
    $400 22
(Alex: With a minute to go.)

Madeline

Amy
    $400 25
Tintin

Triple Stumper
    $400 11
Broadway

Rachel
    $400 19
stern

John
    $500 6
(Rachel: What is aluminum?)

lithium

Rachel
Triple Stumper
    $500 23
The Iron Giant

Rachel
    $500 24
the Prairie

Amy
    $500 12
(Amy: What are Brooklyn and...)
(Alex: Oh, you were halfway there!)

Brooklyn & the Bronx

AmyJohn
    $500 20
(John: What is bait?)
(Rachel: What is a dupe?)

decoy

JohnRachel
Triple Stumper

Scores at the first commercial break (after clue 12):

Amy John Rachel
-$300 $1,900 $0

Scores at the end of the Jeopardy! Round:

Amy John Rachel
$600 $3,000 $100

Double Jeopardy! Round responses

BACK TO SCHOOL
(Alex: How appropriate!)
COMMON BONDS
FAMOUS WOMEN
HOLIDAYS & OBSERVANCES
NATURE WALK
MY KID SISTER'S SONGS
(Alex: And we all know about that!)
    $200 11
pottery

Rachel
    $200 24
things you wear around your neck

Amy
    $200 7
Barbara Walters

Amy
    $200 1
Valentine's Day

John
    $200 20
rabbit

John
    $200 5
a diamond

Rachel
    $400 12
tuba

Rachel
    $400 25
(Amy: What is things you clean?)

things that clean

Amy
    $400 8
(Amy: Who is Nancy Reagan?)
(Rachel: Who is Mrs. Bush?)

Rosalynn Carter

AmyRachel
Triple Stumper
    $400 2
Labor Day

John
    $400 21
(Alex: Minute to go.)

lungs

Rachel
    $400 17
(four and twenty) blackbirds

John
    $600 13
the Industrial Revolution

Rachel
    $600 26
things at the end

Rachel
    $600 9
Elizabeth I

John
    $400 3
(John: St. Patrick's Day. What is St. Patrick's Day?)

Columbus Day

John
    $600 22
a mockingbird

Triple Stumper
    $600 18
(Rachel: Who is Johnny?)

the bear

Rachel
Triple Stumper
    $200 14
pi

Rachel
    $800 27
something you cross

Amy
    $800 10
Martha Stewart

John
    $800 4
Kwanzaa

Amy
    $800 23
beetles

John
    $800 19
Brother John ("Frère Jacques")

Triple Stumper
    $1000 15
topography map

John
    $1000 28
(John: What are things you wear on your head?)
[The end-of-round signal sounds.]

hats

John
    $1000 16
Marie Curie

John
    $1000 6
Father's Day

Triple Stumper

Scores at the end of the Double Jeopardy! Round:

Amy John Rachel
$2,600 $9,000 $1,700
(lock game)

[wagering suggestions for these scores]

Final Jeopardy! Round responses

POP MUSIC
RachelWho is Ricky Martin?
$1,700
AmyWho is Ricky Martin
$2,600
JohnWho is Ricky Martin
$2,000
Ricky Martin

Final scores:

Amy John Rachel
$5,200 $11,000 $3,400
2nd place: MyPoints.com gift certificate & trip for 4 to Universal Studios, Orlando Winner: $5,000 minimum + trip for 4 to Universal Studios, Orlando + $5,000 bonus if week's high scorer 3rd place: MyPoints.com gift certificate & trip for 4 to Universal Studios, Orlando

Game dynamics:

Coryat scores:

Amy John Rachel
$2,600 $9,200 $2,300
10 R,
4 W
22 R
(including 1 DD),
2 W
(including 1 DD)
12 R
(including 1 DD),
5 W

Combined Coryat: $14,100

[game clues] [game scores] [suggest correction]

Game tape date: 2000-08-08
The J! Archive is created by fans, for fans. Scraping, republication, monetization, and malicious use prohibited; this site may use cookies and collect identifying information. See terms. The Jeopardy! game show and all elements thereof, including but not limited to copyright and trademark thereto, are the property of Jeopardy Productions, Inc. and are protected under law. This website is not affiliated with, sponsored by, or operated by Jeopardy Productions, Inc. Join the discussion at JBoard.tv.